000 00807nam a2200217 a 4500
999 _c4901
_d4901
001 4901
003 BD-JhCC
005 20171206093031.0
008 171205s1965 b |||| || | 000 0 b d
035 _a(BD-JhCC)4901
040 _aBD-JhCC
_dBD-JhCC
041 _aben
082 _a891.4409
_bSHA 1965
245 _aসাহিত্য সষ্ণয় /
_cউচ্চ মাধ্যমিক ও মাধ্যমিক শিক্ষা সংসদ, যশোহর
260 _aযশোহর :
_bপ্যরামাউন্ট প্রেস,
_c1965.
300 _a312 p.:
_c21 cm.
650 _aCollection of essays
710 _aউচ্চ মাধ্যমিক ও মাধ্যমিক শিক্ষা সংসদ, যশোহর
942 _2ddc
_cBK